000 00376 a2200169 4500
001 69970
020 _a8526258524
040 _cAnchieta - Itaigara
100 _aMurray, Roseana
240 1 0 _aPêra, uva ou maçã?
_lpor
245 1 0 _aPêra, uva ou maçã?
300 _a55
362 0 _a2005
440 1 _aScipione
650 4 _aLiteratura infanto-juvenil
942 _cBK
999 _c69970
_d69970